| 000 | 01106nam a2200217 i 4500 | ||
|---|---|---|---|
| 001 | 149821 | ||
| 003 | ES-MaACL | ||
| 005 | 20250815062537.0 | ||
| 007 | t| | ||
| 008 | 071024m19281931sp ||||1| spa d | ||
| 245 | 0 | 0 |
_aGeografía universal _b: descripción moderna del mundo / _cdirector científico D. Fernando Valls Taberner. |
| 260 |
_aBarcelona : _bInstituto Gallach, _c[1928-1931] |
||
| 300 |
_a5 v. : _bil. ; _c30 cm. |
||
| 505 | 8 | _aContiene: t. 1. El espacio y la tierra / por D. Victoriano Fernández Ascarza...[et al.] -- t. 2. Europa (menos España y Portugal) / por D. Miguel Santaló...[et al.] -- t. 3. España y Portugal / por D. Miguel Santaló...[et al.] -- t. 4. Asia, Africa, Oceanía, regiones polares / por D. Gonzalo de Reparaz (hijo)...[et al.] -- t. 5. América / por D. Miguel Santaló...[et al.] | |
| 650 | 0 | 7 |
_aGeografía _2embne _913070 |
| 700 | 1 |
_aValls i Taberner, Ferran. _9112942 |
|
| 700 | 1 |
_aFernández Ascarza, Victoriano, _d1870-1934 _949486 |
|
| 700 | 1 |
_aSantaló, Miguel. _9103269 |
|
| 852 |
_aES-MaACL _jA-265-69 _z.- Falta el vol. 1º |
||
| 999 |
_c149821 _d149821 |
||